| 000 | 01270nam a2200349 i 4500 | ||
|---|---|---|---|
| 001 | 60732 | ||
| 003 | CO-BoRNBP | ||
| 005 | 20260317170149.0 | ||
| 007 | ta | ||
| 008 | 210901r20132019ck a br 000 fdspa d | ||
| 020 | _a9789587057881 | ||
| 040 |
_aCO-BoRNBP _bspa _erda _cCO-BoRNBP |
||
| 041 | 0 | _aspa | |
| 084 | _aN | ||
| 100 | 1 |
_aCarreño Castillo, Adriana, _d1977- , _eaut _963716 |
|
| 245 | 1 | 4 |
_aUna carta para Luciana / _cAdriana Carreño Castillo. |
| 250 | _aPrimera edición | ||
| 264 | 1 |
_aBogotá, Colombia : _bEdiciones SM, _c2019. |
|
| 300 | _a128 páginas. | ||
| 336 |
_atexto _btxt _2rdacontent |
||
| 337 |
_asin mediación _bn _2rdamedia |
||
| 338 |
_avolumen _bnc _2rdacarrier |
||
| 500 | _aEl material de la dotación PNLB 2022, corresponde a la séptima reimpresión de 2019. | ||
| 521 | _aRecomendado para un público infantil mayor de 9 años. | ||
| 586 | _aObra ganadora del V Premio de Literatura Infantil Barco de Vapor-Biblioteca Luis Ángel Arango, 2012 | ||
| 650 | 1 | 7 |
_aNovela infantil colombiana _ySiglo XX _2rnbp _9365 |
| 650 | 1 | 7 |
_aLiteratura infantil colombiana _2rnbp _934 |
| 650 | 1 | 7 |
_aAmistad _vNovela _2lemb _91741 |
| 650 | 1 | 7 |
_aCartas _vNovela _2lemb _963717 |
| 650 | 1 | 7 |
_aProtección del medio ambiente _2lemb |
| 942 |
_2loc _cBKLITI _n0 |
||
| 999 |
_c60732 _d60732 |
||